<?xml version="1.0" encoding="UTF-8"?>
<record
    xmlns:xsi="http://www.w3.org/2001/XMLSchema-instance"
    xsi:schemaLocation="http://www.loc.gov/MARC21/slim http://www.loc.gov/standards/marcxml/schema/MARC21slim.xsd"
    xmlns="http://www.loc.gov/MARC21/slim">

  <leader>01414nam0a2200325 i 4500</leader>
  <controlfield tag="001">RU\NLR\BIBL_A\010001800</controlfield>
  <controlfield tag="005">20241103122907.0</controlfield>
  <datafield tag="010" ind1=" " ind2=" ">
    <subfield code="a">9785957106012</subfield>
    <subfield code="9">100</subfield>
  </datafield>
  <datafield tag="021" ind1=" " ind2=" ">
    <subfield code="a">RU</subfield>
    <subfield code="b">2013-75989</subfield>
    <subfield code="9">5228</subfield>
  </datafield>
  <datafield tag="021" ind1=" " ind2=" ">
    <subfield code="a">RU</subfield>
    <subfield code="b">2013-76022</subfield>
    <subfield code="9">5229</subfield>
  </datafield>
  <datafield tag="035" ind1=" " ind2=" ">
    <subfield code="a">(NLR Aleph) 010001800</subfield>
  </datafield>
  <datafield tag="090" ind1=" " ind2=" ">
    <subfield code="a">9799502</subfield>
    <subfield code="c">9799502</subfield>
  </datafield>
  <datafield tag="100" ind1=" " ind2=" ">
    <subfield code="a">20131106d2012    u  y0rusy50      ca</subfield>
  </datafield>
  <datafield tag="101" ind1="0" ind2=" ">
    <subfield code="a">rus</subfield>
  </datafield>
  <datafield tag="102" ind1=" " ind2=" ">
    <subfield code="a">RU</subfield>
  </datafield>
  <datafield tag="105" ind1=" " ind2=" ">
    <subfield code="a">y|||j|||000yy</subfield>
  </datafield>
  <datafield tag="200" ind1="1" ind2=" ">
    <subfield code="a">&#x422;&#x440;&#x435;&#x43D;&#x438;&#x43D;&#x433; &#x441;&#x43E;&#x446;&#x438;&#x430;&#x43B;&#x44C;&#x43D;&#x43E;&#x433;&#x43E; &#x438;&#x43D;&#x442;&#x435;&#x43B;&#x43B;&#x435;&#x43A;&#x442;&#x430;</subfield>
    <subfield code="e">(&#x43A;&#x440;&#x430;&#x442;&#x43A;&#x43E;&#x435; &#x43C;&#x435;&#x442;&#x43E;&#x434;&#x438;&#x447;&#x435;&#x441;&#x43A;&#x43E;&#x435; &#x440;&#x443;&#x43A;&#x43E;&#x432;&#x43E;&#x434;&#x441;&#x442;&#x432;&#x43E;)</subfield>
    <subfield code="e">[&#x443;&#x447;&#x435;&#x431;&#x43D;&#x43E;&#x435; &#x43F;&#x43E;&#x441;&#x43E;&#x431;&#x438;&#x435;]</subfield>
    <subfield code="f">&#x421;.&#x421;. &#x427;&#x435;&#x431;&#x43E;&#x442;&#x430;&#x440;&#x435;&#x432;</subfield>
    <subfield code="g">&#x41C;-&#x432;&#x43E; &#x43E;&#x431;&#x440;&#x430;&#x437;&#x43E;&#x432;&#x430;&#x43D;&#x438;&#x44F; &#x438; &#x43D;&#x430;&#x443;&#x43A;&#x438; &#x420;&#x424;, &#x424;&#x413;&#x410;&#x41E;&#x423; &#x412;&#x41F;&#x41E; "&#x411;&#x435;&#x43B;&#x433;&#x43E;&#x440;. &#x433;&#x43E;&#x441;. &#x43D;&#x430;&#x446;. &#x438;&#x441;&#x441;&#x43B;&#x435;&#x434;. &#x443;&#x43D;-&#x442;", &#x424;&#x430;&#x43A;. &#x43F;&#x441;&#x438;&#x445;&#x43E;&#x43B;&#x43E;&#x433;&#x438;&#x438;, &#x41A;&#x430;&#x444;. &#x432;&#x43E;&#x437;&#x440;&#x430;&#x441;&#x442;&#x43D;&#x43E;&#x439; &#x438; &#x441;&#x43E;&#x446;. &#x43F;&#x441;&#x438;&#x445;&#x43E;&#x43B;&#x43E;&#x433;&#x438;&#x438;</subfield>
  </datafield>
  <datafield tag="210" ind1=" " ind2=" ">
    <subfield code="a">&#x411;&#x435;&#x43B;&#x433;&#x43E;&#x440;&#x43E;&#x434;</subfield>
    <subfield code="c">&#x411;&#x435;&#x43B;&#x433;&#x43E;&#x440;&#x43E;&#x434;</subfield>
    <subfield code="d">2012</subfield>
  </datafield>
  <datafield tag="215" ind1=" " ind2=" ">
    <subfield code="a">26, [1] &#x441;.</subfield>
    <subfield code="d">21</subfield>
  </datafield>
  <datafield tag="606" ind1=" " ind2=" ">
    <subfield code="a">&#x422;&#x440;&#x435;&#x43D;&#x438;&#x43D;&#x433; &#x441;&#x43E;&#x446;&#x438;&#x430;&#x43B;&#x44C;&#x43D;&#x43E;-&#x43F;&#x441;&#x438;&#x445;&#x43E;&#x43B;&#x43E;&#x433;&#x438;&#x447;&#x435;&#x441;&#x43A;&#x438;&#x439;</subfield>
    <subfield code="j">&#x41C;&#x435;&#x442;&#x43E;&#x434;&#x438;&#x447;&#x435;&#x441;&#x43A;&#x438;&#x435; &#x43F;&#x43E;&#x441;&#x43E;&#x431;&#x438;&#x44F;</subfield>
    <subfield code="9">1707464</subfield>
    <subfield code="3">RU\NLR\AUTH\661058439</subfield>
  </datafield>
  <datafield tag="675" ind1=" " ind2=" ">
    <subfield code="a">159.9</subfield>
  </datafield>
  <datafield tag="686" ind1="1" ind2=" ">
    <subfield code="a">&#x421;550.353&#x44F;7</subfield>
  </datafield>
  <datafield tag="700" ind1=" " ind2="1">
    <subfield code="a">&#x427;&#x435;&#x431;&#x43E;&#x442;&#x430;&#x440;&#x435;&#x432;</subfield>
    <subfield code="b">&#x421;. &#x421;.</subfield>
    <subfield code="g">&#x421;&#x435;&#x440;&#x433;&#x435;&#x439; &#x421;&#x435;&#x440;&#x433;&#x435;&#x435;&#x432;&#x438;&#x447;</subfield>
  </datafield>
  <datafield tag="801" ind1=" " ind2="0">
    <subfield code="a">RU</subfield>
    <subfield code="b">RuMoRKP</subfield>
    <subfield code="c">20130919</subfield>
    <subfield code="g">RCR</subfield>
  </datafield>
  <datafield tag="801" ind1=" " ind2="2">
    <subfield code="a">RU</subfield>
    <subfield code="b">&#x420;&#x413;&#x411;</subfield>
    <subfield code="c">20130927</subfield>
  </datafield>
  <datafield tag="801" ind1=" " ind2="1">
    <subfield code="a">RU</subfield>
    <subfield code="b">RuMoRKP</subfield>
    <subfield code="c">20130919</subfield>
    <subfield code="2">rusmarc</subfield>
  </datafield>
  <datafield tag="942" ind1=" " ind2=" ">
    <subfield code="c">BOOK</subfield>
  </datafield>
  <datafield tag="980" ind1=" " ind2=" ">
    <subfield code="a">NBR</subfield>
  </datafield>
</record>
